| 000 | 01379nam a2200349Ia 4500 | ||
|---|---|---|---|
| 001 | ebr10660353 | ||
| 003 | CaPaEBR | ||
| 006 | m u | ||
| 007 | cr cn||||||||| | ||
| 008 | 090228s2009 nyua sb 001 0 eng d | ||
| 020 | _z1606928694 | ||
| 020 | _z9781606928691 | ||
| 020 | _z9781607416722 | ||
| 040 |
_aCaPaEBR _cCaPaEBR |
||
| 035 | _a(OCoLC)844348742 | ||
| 050 | 1 | 4 |
_aHC256.5 _b.B38 2009eb |
| 100 | 1 | _aBatini, Nicoletta. | |
| 245 | 1 | 4 |
_aThe U.K.'s rocky road to stability _h[electronic resource] / _cNicoletta Batini and Edward Nelson. |
| 246 | 3 | _aUK's rocky road to stability | |
| 246 | 3 | _aUnited Kingdom's rocky road to stability | |
| 260 |
_aNew York : _bNova Science Publishers, _cc2009. |
||
| 300 |
_a136 p. : _bill. |
||
| 504 | _aIncludes bibliographical references (p. [113]-126) and index. | ||
| 533 |
_aElectronic reproduction. _bPalo Alto, Calif. : _cebrary, _d2013. _nAvailable via World Wide Web. _nAccess may be limited to ebrary affiliated libraries. |
||
| 650 | 0 |
_aMonetary policy _zGreat Britain. |
|
| 651 | 0 |
_aGreat Britain _xEconomic conditions. |
|
| 651 | 0 |
_aGreat Britain _xEconomic policy. |
|
| 655 | 7 |
_aElectronic books. _2local |
|
| 700 | 1 |
_aNelson, Edward, _d1971- |
|
| 710 | 2 | _aebrary, Inc. | |
| 856 | 4 | 0 |
_uhttp://site.ebrary.com/lib/rucke/Doc?id=10660353 _zAn electronic book accessible through the World Wide Web; click to view |
| 999 |
_c67615 _d67615 |
||